[Event "40th North Shore Open"]
[Site "Auckland"]
[Date "2013.09.14"]
[Round "1.1"]
[White "Milligan, Helen"]
[Black "Hague, Ben"]
[Result "0-1"]
[WhiteElo "2049"]
[BlackElo "2399"]
[PlyCount "56"]
[EventDate "2013.09.14"]
[EventType "swiss"]
[EventRounds "5"]
[EventCountry "NZL"]
[SourceDate "2013.09.14"]

1. e4 e6 2. d4 d5 3. Nc3 Nf6 4. e5 Nfd7 5. f4 c5 6. Nf3 Nc6 7. Be3 Be7 8. Qd2
O-O 9. Be2 f6 10. exf6 Nxf6 11. Ne5 Nxd4 12. Bxd4 cxd4 13. Qxd4 Nd7 14. Nxd7
Bxd7 15. O-O Bf6 16. Qb4 a5 17. Qb3 a4 18. Qb4 Be7 19. Qd4 Qa5 20. Kh1 a3 21.
Nd1 Bf6 22. Qd3 axb2 23. Rb1 Qxa2 24. Ne3 Ra3 25. Qd2 Bc3 26. Qd1 Qxb1 27. Qxb1
Ra1 28. f5 Rfa8 0-1

[Event "40th North Shore Open"]
[Site "Auckland"]
[Date "2013.09.14"]
[Round "1.2"]
[White "Wang, Puchen"]
[Black "Evans, David J"]
[Result "1-0"]
[WhiteElo "2379"]
[BlackElo "2034"]
[PlyCount "47"]
[EventDate "2013.09.14"]
[EventType "swiss"]
[EventRounds "5"]
[EventCountry "NZL"]
[SourceDate "2013.09.14"]

1. d4 Nf6 2. c4 g6 3. Nf3 Bg7 4. g3 O-O 5. Bg2 d6 6. O-O Nbd7 7. Nc3 a6 8. e4
e5 9. h3 Re8 10. Re1 exd4 11. Nxd4 Rb8 12. b3 c5 13. Nc2 Ne5 14. Bb2 b5 15.
cxb5 axb5 16. f4 b4 17. Na4 Ned7 18. Qxd6 Re6 19. Qd2 Bb7 20. Rad1 Qc7 21. e5
Bxg2 22. exf6 Nxf6 23. Rxe6 fxe6 24. Be5 1-0

[Event "40th North Shore Open"]
[Site "Auckland"]
[Date "2013.09.14"]
[Round "1.3"]
[White "Gunn, Neil J"]
[Black "Watson, Bruce R"]
[Result "0-1"]
[WhiteElo "1989"]
[BlackElo "2373"]
[PlyCount "68"]
[EventDate "2013.09.14"]
[EventType "swiss"]
[EventRounds "5"]
[EventCountry "NZL"]
[SourceDate "2013.09.14"]

1. Nf3 Nf6 2. c4 e6 3. g3 d5 4. Bg2 Be7 5. O-O O-O 6. b3 c5 7. cxd5 exd5 8. d4
Nc6 9. Bb2 Bg4 10. Ne5 Be6 11. dxc5 Bxc5 12. e3 Qe7 13. Nd3 Bb6 14. Ba3 Qd7 15.
Bxf8 Rxf8 16. Nd2 Bg4 17. Bf3 Bh3 18. Bg2 Bg4 19. Bf3 Bh3 20. Bg2 Bxg2 21. Kxg2
Qf5 22. Nf3 Re8 23. Nf4 g5 24. Qd3 Re4 25. Ne2 Qxf3+ 26. Kxf3 Ne5+ 27. Kg2 Nxd3
28. Nc3 Re6 29. Rfd1 Nxf2 30. Kxf2 Rxe3 31. Na4 Ne4+ 32. Kg2 Re2+ 33. Kf3 Rf2+
34. Kg4 f5+ 0-1

[Event "40th North Shore Open"]
[Site "Auckland"]
[Date "2013.09.14"]
[Round "1.4"]
[White "Garbett, Paul A"]
[Black "Ang, Alphaeus Wei Ern"]
[Result "0-1"]
[WhiteElo "2332"]
[BlackElo "1973"]
[PlyCount "90"]
[EventDate "2013.09.14"]
[EventType "swiss"]
[EventRounds "5"]
[EventCountry "NZL"]
[SourceDate "2013.09.14"]

1. Nf3 Nf6 2. c4 g6 3. d4 Bg7 4. g3 d6 5. Bg2 O-O 6. O-O Nbd7 7. Qc2 e5 8. Rd1
Qe7 9. Nc3 c6 10. b3 Ne8 11. e4 f5 12. Bg5 Ndf6 13. c5 fxe4 14. cxd6 Nxd6 15.
dxe5 exf3 16. exd6 Qe5 17. Bf4 Qh5 18. Bf1 Ng4 19. h3 Nf6 20. h4 h6 21. Re1 g5
22. Be5 gxh4 23. Rad1 hxg3 24. Bxg3 Bf5 25. Qd2 Qg6 26. Re3 h5 27. Bd3 h4 28.
Bxf5 Qxf5 29. Qd3 Qxd3 30. Rdxd3 hxg3 31. Rxf3 gxf2+ 32. Rxf2 Rad8 33. Re2 Rd7
34. Na4 b6 35. Rc2 c5 36. Nc3 Rfd8 37. Nb5 a6 38. Nc7 Rxd6 39. Rxd6 Rxd6 40.
Nxa6 Nd5 41. Kf2 Bd4+ 42. Ke1 Rd8 43. Rg2+ Kf7 44. Rg5 Kf6 45. Rh5 Kg6 0-1

[Event "40th North Shore Open"]
[Site "Auckland"]
[Date "2013.09.14"]
[Round "1.5"]
[White "Runcan, Daniel"]
[Black "Gao, Hans"]
[Result "1-0"]
[WhiteElo "1949"]
[BlackElo "2236"]
[PlyCount "45"]
[EventDate "2013.09.14"]
[EventType "swiss"]
[EventRounds "5"]
[EventCountry "NZL"]
[SourceDate "2013.09.14"]

1. e4 c5 2. Nc3 a6 3. f4 b5 4. Nf3 Bb7 5. d3 e6 6. g3 Nf6 7. Bg2 d5 8. e5 d4 9.
exf6 dxc3 10. f5 Qxf6 11. bxc3 exf5 12. O-O Be7 13. Bg5 Qb6 14. Bxe7 Kxe7 15.
Re1+ Kf6 16. Qe2 Nc6 17. Ne5 Qc7 18. Bxc6 Bxc6 19. Qe3 Bb7 20. Qf4 Rac8 21. g4
g6 22. gxf5 g5 23. Ng4+ 1-0

[Event "40th North Shore Open"]
[Site "Auckland"]
[Date "2013.09.14"]
[Round "1.6"]
[White "Thornton, Giovanni A"]
[Black "Johns, Daniel P"]
[Result "1-0"]
[WhiteElo "2209"]
[BlackElo "1930"]
[PlyCount "65"]
[EventDate "2013.09.14"]
[EventType "swiss"]
[EventRounds "5"]
[EventCountry "NZL"]
[SourceDate "2013.09.14"]

1. d4 Nf6 2. c4 e6 3. Nc3 d5 4. Bg5 Be7 5. e3 O-O 6. Qc2 Nbd7 7. Bd3 c6 8. Nge2
Re8 9. O-O Nf8 10. Rfd1 N6d7 11. Bf4 Ng6 12. a3 Bg5 13. Bg3 Bh4 14. b4 Qe7 15.
b5 a6 16. bxc6 bxc6 17. Bc7 Nc5 18. dxc5 Qxc7 19. Qa4 Bd7 20. Bxg6 hxg6 21.
cxd5 Bf6 22. d6 Qa7 23. Qc4 Rab8 24. Rab1 a5 25. Na4 Rb5 26. Nd4 Bxd4 27. Qxd4
Reb8 28. Nb6 Rxb1 29. Rxb1 Rb7 30. Rc1 Qb8 31. Qe4 Be8 32. Rd1 Bd7 33. Nxd7 1-0

[Event "40th North Shore Open"]
[Site "Auckland"]
[Date "2013.09.14"]
[Round "1.7"]
[White "Gilmour, Mark"]
[Black "Duneas, John"]
[Result "0-1"]
[WhiteElo "1922"]
[BlackElo "2195"]
[PlyCount "68"]
[EventDate "2013.09.14"]
[EventType "swiss"]
[EventRounds "5"]
[EventCountry "NZL"]
[SourceDate "2013.09.14"]

1. d4 d5 2. c4 c6 3. Nf3 Nf6 4. cxd5 cxd5 5. Bf4 Qb6 6. b3 Nc6 7. e3 Bf5 8. Bd3
Bxd3 9. Qxd3 Nb4 10. Qe2 Rc8 11. O-O e6 12. Na3 a6 13. Rfc1 Nc6 14. Nc2 Be7 15.
a3 Na5 16. Qd3 Qxb3 17. Nb4 O-O 18. Nd2 Qa4 19. Na2 Rxc1+ 20. Rxc1 Qxa3 21.
Qxa3 Bxa3 22. Rc7 Rd8 23. Nb1 Bf8 24. Nac3 Ne8 25. Na4 Nxc7 26. Nb6 Nb5 27. Nd2
Bb4 28. Nf3 f6 29. g4 Nc4 30. Na4 Nc3 31. Nxc3 Bxc3 32. g5 b5 33. Nh4 b4 34. g6
b3 0-1

[Event "40th North Shore Open"]
[Site "Auckland"]
[Date "2013.09.14"]
[Round "1.8"]
[White "Krstev, Antonio"]
[Black "Timergazi, Layla"]
[Result "1/2-1/2"]
[WhiteElo "2157"]
[BlackElo "1889"]
[PlyCount "90"]
[EventDate "2013.09.14"]
[EventType "swiss"]
[EventRounds "5"]
[EventCountry "NZL"]
[SourceDate "2013.09.14"]

1. d4 d5 2. c4 c6 3. Nc3 Nf6 4. Nf3 e6 5. Bg5 Nbd7 6. e3 Bb4 7. cxd5 exd5 8.
Bd3 h6 9. Bh4 O-O 10. a3 Bd6 11. Rc1 Re8 12. O-O g5 13. Bg3 Bxg3 14. hxg3 Ne4
15. Nd2 f5 16. Bxe4 fxe4 17. Qh5 Kg7 18. f3 Nf6 19. Qh2 exf3 20. Rxf3 Bg4 21.
Rf2 Rxe3 22. Rcf1 Re6 23. Nf3 Bxf3 24. gxf3 Qd6 25. g4 Qxh2+ 26. Rxh2 Rae8 27.
Kf2 Rf8 28. Kg3 Re3 29. Re2 Rfe8 30. Kf2 Rxe2+ 31. Nxe2 Ng8 32. Ng3 Re6 33. b4
Ne7 34. Nh5+ Kh7 35. Ng3 Ng6 36. Rc1 Nf4 37. Rc3 a6 38. a4 Kg6 39. b5 axb5 40.
axb5 cxb5 41. Rc7 b6 42. Nf5 b4 43. Ne7+ Kf6 44. Ng8+ Kg6 45. Ne7+ Kf6 1/2-1/2

[Event "40th North Shore Open"]
[Site "Auckland"]
[Date "2013.09.14"]
[Round "1.9"]
[White "Gong, Daniel"]
[Black "Lim, Benjamin U"]
[Result "0-1"]
[WhiteElo "1880"]
[BlackElo "2108"]
[PlyCount "70"]
[EventDate "2013.09.14"]
[EventType "swiss"]
[EventRounds "5"]
[EventCountry "NZL"]
[SourceDate "2013.09.14"]

1. e4 c5 2. Nf3 d6 3. d4 cxd4 4. Nxd4 Nf6 5. Nc3 a6 6. Be2 e6 7. O-O Be7 8. f4
Qc7 9. Be3 Nc6 10. Bf3 O-O 11. a4 Na5 12. Kh1 Nc4 13. Bc1 Rd8 14. Qe1 Qb6 15.
Qf2 d5 16. Nde2 Qxf2 17. Rxf2 dxe4 18. Bxe4 Bc5 19. Rf1 Nxe4 20. Nxe4 Be7 21.
b3 Na5 22. Bb2 Nc6 23. Rad1 Bd7 24. Rf3 Be8 25. Rxd8 Rxd8 26. Rg3 Rd1+ 27. Ng1
Nd4 28. Nc3 Rf1 29. h3 Rxf4 30. Nce2 Nxe2 31. Rxg7+ Kf8 32. Nxe2 Rf1+ 33. Kh2
Bd6+ 34. Ng3 Bc6 35. Rxh7 Rf2 0-1

[Event "40th North Shore Open"]
[Site "Auckland"]
[Date "2013.09.14"]
[Round "1.10"]
[White "Bennett, Hilton P"]
[Black "Taylor, Richard"]
[Result "1-0"]
[WhiteElo "2100"]
[BlackElo "1862"]
[PlyCount "44"]
[EventDate "2013.09.14"]
[EventType "swiss"]
[EventRounds "5"]
[EventCountry "NZL"]
[SourceDate "2013.09.14"]

1. e4 c5 2. Nc3 Nc6 3. f4 e6 4. Nf3 d5 5. Bb5 Nf6 6. Bxc6+ bxc6 7. e5 Nd7 8. d3
Be7 9. O-O O-O 10. Qe2 Nb6 11. b3 c4 12. dxc4 Bb4 13. Bb2 dxc4 14. Rad1 Qe7 15.
Ne4 Nd5 16. Nd4 Bd7 17. bxc4 c5 18. Nb3 Nb6 19. c3 Na4 20. cxb4 Nxb2 21. Qxb2
cxb4 22. Nbc5 Bc6 1-0

[Event "40th North Shore Open"]
[Site "Auckland"]
[Date "2013.09.14"]
[Round "1.11"]
[White "Zhang, Leo"]
[Black "McCrone, Jeffrey"]
[Result "1-0"]
[WhiteElo "1858"]
[BlackElo "2086"]
[PlyCount "89"]
[EventDate "2013.09.14"]
[EventType "swiss"]
[EventRounds "5"]
[EventCountry "NZL"]
[SourceDate "2013.09.14"]

1. d4 d5 2. c4 c6 3. Nc3 Nf6 4. Nf3 e6 5. Bg5 Be7 6. e3 Nbd7 7. cxd5 exd5 8.
Bd3 Nf8 9. O-O Ng6 10. Qc2 O-O 11. Rfd1 Bg4 12. Be2 h6 13. Bxf6 Bxf6 14. h3 Be6
15. Bd3 Ne7 16. Ne2 g6 17. g4 Qd7 18. Kf1 Qd6 19. Nf4 Bg7 20. Nxe6 fxe6 21. Ke2
Rf6 22. Ne5 Raf8 23. Rf1 g5 24. f3 b6 25. b4 Rc8 26. Qa4 Rc7 27. f4 gxf4 28.
exf4 c5 29. bxc5 bxc5 30. dxc5 Qd8 31. Rab1 Rf8 32. c6 Bxe5 33. fxe5 Nxc6 34.
Rxf8+ Qxf8 35. Rf1 Qg7 36. Rf6 Kh8 37. Qf4 Ne7 38. Rxh6+ Kg8 39. Bh7+ Qxh7 40.
Rxh7 Kxh7 41. Qf7+ Kh6 42. Qxe6+ Ng6 43. Qf5 Re7 44. Kd2 Rxe5 45. g5+ 1-0

[Event "40th North Shore Open"]
[Site "Auckland"]
[Date "2013.09.14"]
[Round "1.12"]
[White "Li, William Xiangwei"]
[Black "Jia, Hao"]
[Result "0-1"]
[WhiteElo "2060"]
[BlackElo "1783"]
[PlyCount "118"]
[EventDate "2013.09.14"]
[EventType "swiss"]
[EventRounds "5"]
[EventCountry "NZL"]
[SourceDate "2013.09.14"]

1. e4 c5 2. Nf3 Nc6 3. d4 cxd4 4. Nxd4 Nf6 5. Nc3 e5 6. Ndb5 d6 7. Nd5 Nxd5 8.
exd5 Ne7 9. c4 Ng6 10. Be3 Bd7 11. Nc3 f5 12. Be2 Be7 13. O-O O-O 14. b4 b6 15.
Qb3 Kh8 16. a4 f4 17. Bd2 Nh4 18. f3 Nf5 19. Bd3 g5 20. Ne4 Rg8 21. Qc3 Nd4 22.
a5 bxa5 23. Rxa5 Qf8 24. c5 dxc5 25. bxc5 g4 26. fxg4 Rxg4 27. c6 Qg7 28. Rf2
Bh4 29. cxd7 Bxf2+ 30. Kxf2 Rxg2+ 31. Ke1 Nf3+ 32. Kd1 Rg1+ 33. Kc2 Nd4+ 34.
Kb2 Qxd7 35. Bxf4 Rb8+ 36. Ka2 Rg2+ 37. Nd2 Qg7 38. Bf1 Rg6 39. Bg3 Rgb6 40.
Nc4 Rb3 41. Qxb3 Nxb3 42. Bxe5 Qxe5 43. Nxe5 Nxa5 44. d6 Kg7 45. Ka3 Rd8 46. d7
Kf6 47. Ng4+ Ke6 48. Bb5 Nb7 49. Kb4 a5+ 50. Ka4 Nc5+ 51. Kxa5 Nxd7 52. Kb4 Ne5
53. Nxe5 Kxe5 54. Kc3 Kf4 55. Bd3 h5 56. Be2 h4 57. h3 Ke3 58. Bg4 Rd6 59. Kc4
Rd4+ 0-1

[Event "40th North Shore Open"]
[Site "Auckland"]
[Date "2013.09.14"]
[Round "2.1"]
[White "Hague, Ben"]
[Black "Bennett, Hilton P"]
[Result "1-0"]
[WhiteElo "2399"]
[BlackElo "2100"]
[PlyCount "53"]
[EventDate "2013.09.14"]
[EventType "swiss"]
[EventRounds "5"]
[EventCountry "NZL"]
[SourceDate "2013.09.14"]

1. e4 g6 2. d4 Bg7 3. Nc3 d6 4. Be3 a6 5. f4 b5 6. Nf3 Nd7 7. Bd3 Bb7 8. O-O c5
9. Kh1 Rc8 10. e5 cxd4 11. Bxd4 dxe5 12. fxe5 Nh6 13. e6 Bxf3 14. Bxg7 Bxd1 15.
exd7+ Qxd7 16. Raxd1 Rxc3 17. bxc3 Ng4 18. Be2 Qc7 19. Bxg4 Rg8 20. Bd4 f5 21.
Bf3 e6 22. Rfe1 Kf7 23. Be5 Qc8 24. Rd6 Re8 25. Red1 Qc5 26. Rd7+ Re7 27. Bd6
1-0

[Event "40th North Shore Open"]
[Site "Auckland"]
[Date "2013.09.14"]
[Round "2.4"]
[White "Jia, Hao"]
[Black "Thornton, Giovanni A"]
[Result "1-0"]
[WhiteElo "1783"]
[BlackElo "2209"]
[PlyCount "95"]
[EventDate "2013.09.14"]
[EventType "swiss"]
[EventRounds "5"]
[EventCountry "NZL"]
[SourceDate "2013.09.14"]

1. e4 e6 2. d4 d5 3. exd5 exd5 4. c4 Nf6 5. Nc3 c6 6. h3 Be7 7. Nf3 O-O 8. Bd3
dxc4 9. Bxc4 Nbd7 10. O-O Nb6 11. Bb3 Nfd5 12. Bc2 Be6 13. Ne4 Nb4 14. Neg5
Nxc2 15. Qxc2 g6 16. Nxe6 fxe6 17. Re1 Qd5 18. Re5 Qd7 19. Qe2 Bf6 20. Rxe6
Rae8 21. Rxe8 Rxe8 22. Qd1 Kh8 23. Bf4 Re4 24. Be5 Bxe5 25. dxe5 Qxd1+ 26. Rxd1
Nd5 27. Kf1 Kg7 28. Rd4 Rxd4 29. Nxd4 Nb4 30. Ne6+ Kf7 31. Nd8+ Ke7 32. Nxb7
Nxa2 33. Nc5 Nb4 34. Ke2 Nd5 35. g3 h5 36. f4 h4 37. Kf3 hxg3 38. Kxg3 Ne3 39.
Kh4 Kf7 40. Kg5 Nc4 41. b3 Nd2 42. e6+ Kg7 43. e7 Kf7 44. e8=Q+ Kxe8 45. Kxg6
a5 46. f5 Nf3 47. f6 Ne5+ 48. Kg7 1-0

[Event "40th North Shore Open"]
[Site "Auckland"]
[Date "2013.09.14"]
[Round "2.5"]
[White "Duneas, John"]
[Black "Zhang, Leo"]
[Result "1-0"]
[WhiteElo "2195"]
[BlackElo "1858"]
[PlyCount "59"]
[EventDate "2013.09.14"]
[EventType "swiss"]
[EventRounds "5"]
[EventCountry "NZL"]
[SourceDate "2013.09.14"]

1. d4 Nf6 2. c4 c5 3. d5 b5 4. Qc2 Qa5+ 5. Nd2 b4 6. b3 g6 7. Bb2 Bg7 8. e4 d6
9. Ngf3 Nbd7 10. Bd3 Bb7 11. O-O O-O 12. a3 Qb6 13. axb4 cxb4 14. Bd4 Nc5 15.
e5 Nfd7 16. exd6 exd6 17. Bxg7 Kxg7 18. Rfe1 Nxd3 19. Qxd3 Nc5 20. Qd4+ Kg8 21.
Re3 a5 22. Ne4 f6 23. Nxf6+ Rxf6 24. Qxf6 Rf8 25. Qh4 h5 26. Qg5 Kg7 27. Nh4
Nxb3 28. Re7+ Kg8 29. Qxg6+ Kh8 30. Qg7# 1-0

[Event "40th North Shore Open"]
[Site "Auckland"]
[Date "2013.09.14"]
[Round "2.6"]
[White "Lim, Benjamin U"]
[Black "Cooper, Nigel M"]
[Result "1-0"]
[WhiteElo "2108"]
[BlackElo "1692"]
[PlyCount "50"]
[EventDate "2013.09.14"]
[EventType "swiss"]
[EventRounds "5"]
[EventCountry "NZL"]
[SourceDate "2013.09.14"]

1. b3 Nf6 2. c4 g6 3. Bb2 Bg7 4. e3 O-O 5. Nf3 c5 6. d3 Nc6 7. Be2 d5 8. cxd5
Nxd5 9. Bxg7 Kxg7 10. O-O b6 11. a3 Bb7 12. Qc2 Rc8 13. Nbd2 e5 14. Qb2 Re8 15.
Rfd1 Kg8 16. Nc4 Qf6 17. Nfd2 Rcd8 18. Ne4 Qe7 19. Bf3 Nf6 20. Nxf6+ Qxf6 21.
b4 cxb4 22. axb4 Rd7 23. b5 Nd8 24. Bxb7 Rxb7 25. f4 Qd6 1-0

[Event "40th North Shore Open"]
[Site "Auckland"]
[Date "2013.09.14"]
[Round "2.7"]
[White "Gao, Hans"]
[Black "Krstev, Antonio"]
[Result "1-0"]
[WhiteElo "2236"]
[BlackElo "2157"]
[PlyCount "41"]
[EventDate "2013.09.14"]
[EventType "swiss"]
[EventRounds "5"]
[EventCountry "NZL"]
[SourceDate "2013.09.14"]

1. e4 e6 2. d4 d5 3. Nd2 Nf6 4. Bd3 c5 5. c3 cxd4 6. cxd4 dxe4 7. Nxe4 Bb4+ 8.
Nc3 Nc6 9. Nf3 h6 10. O-O O-O 11. a3 Ba5 12. Bc2 a6 13. Qd3 Re8 14. Re1 b5 15.
b4 Bb6 16. Be3 Bb7 17. d5 exd5 18. Bxb6 Qxb6 19. Nxd5 Rxe1+ 20. Rxe1 Qd8 21.
Nxf6+ 1-0

[Event "40th North Shore Open"]
[Site "Auckland"]
[Date "2013.09.14"]
[Round "2.8"]
[White "Timergazi, Layla"]
[Black "Garbett, Paul A"]
[Result "0-1"]
[WhiteElo "1889"]
[BlackElo "2332"]
[PlyCount "68"]
[EventDate "2013.09.14"]
[EventType "swiss"]
[EventRounds "5"]
[EventCountry "NZL"]
[SourceDate "2013.09.14"]

1. d4 e6 2. c4 f5 3. Nc3 d5 4. Nf3 c6 5. cxd5 exd5 6. Bf4 Nf6 7. e3 Bd6 8. Bxd6
Qxd6 9. Bd3 Ne4 10. O-O O-O 11. Ne5 Be6 12. f3 Nxc3 13. bxc3 Nd7 14. Nxd7 Qxd7
15. Qd2 Qd6 16. e4 fxe4 17. fxe4 dxe4 18. Bxe4 Bc4 19. Bd3 Qd5 20. Qc2 Rxf1+
21. Bxf1 Re8 22. Bxc4 Qxc4 23. Qb3 Qe6 24. Qxe6+ Rxe6 25. Kf2 Kf7 26. a4 b6 27.
Kf3 Rf6+ 28. Ke3 Ke6 29. c4 Kd6 30. Rd1 Re6+ 31. Kf3 Rh6 32. h3 Rh5 33. Ke4 Ra5
34. Rf1 Ke7 0-1

[Event "40th North Shore Open"]
[Site "Auckland"]
[Date "2013.09.14"]
[Round "2.9"]
[White "McCrone, Jeffrey"]
[Black "Gunn, Neil J"]
[Result "1-0"]
[WhiteElo "2086"]
[BlackElo "1989"]
[PlyCount "105"]
[EventDate "2013.09.14"]
[EventType "swiss"]
[EventRounds "5"]
[EventCountry "NZL"]
[SourceDate "2013.09.14"]

1. d4 Nf6 2. c4 g6 3. Nc3 Bg7 4. e4 d6 5. f4 c5 6. d5 O-O 7. Be2 a6 8. Nf3 b5
9. Qc2 Bg4 10. O-O bxc4 11. Bxc4 Nbd7 12. Nd1 Bxf3 13. Rxf3 Ng4 14. h3 Bd4+ 15.
Kh1 Ngf6 16. Be3 Nb6 17. Bf1 e5 18. fxe5 Bxe5 19. Bg5 Nbd7 20. Ne3 Qb8 21. Nc4
Nh5 22. g4 Ng7 23. Bg2 f6 24. Be3 Qe8 25. Raf1 Qe7 26. Na5 Rac8 27. Nc6 Qe8 28.
b3 Nb8 29. Na5 Qe7 30. Qd3 Qc7 31. Nc4 Qe7 32. Na5 Qc7 33. Bd2 Rce8 34. Nc4 Qe7
35. Bc3 Qd7 36. Rxf6 Rxf6 37. Rxf6 Bxf6 38. Bxf6 Rf8 39. e5 Rxf6 40. exf6 Ne8
41. g5 Qf5 42. Qe2 Qd7 43. Qe6+ Kf8 44. Bf3 Qc7 45. Bg4 Qd8 46. h4 Nc7 47. Qe4
Qe8 48. Be6 Nb5 49. a4 Nc3 50. Qd3 Nxa4 51. bxa4 Qxa4 52. Bg4 Qa1+ 53. Kg2 1-0

[Event "40th North Shore Open"]
[Site "Auckland"]
[Date "2013.09.14"]
[Round "2.10"]
[White "Johns, Daniel P"]
[Black "Li, William Xiangwei"]
[Result "1/2-1/2"]
[WhiteElo "1930"]
[BlackElo "2060"]
[PlyCount "56"]
[EventDate "2013.09.14"]
[EventType "swiss"]
[EventRounds "5"]
[EventCountry "NZL"]
[SourceDate "2013.09.14"]

1. e4 c5 2. Nf3 d6 3. d4 cxd4 4. Nxd4 Nf6 5. Nc3 a6 6. Be2 e6 7. Be3 Nc6 8. O-O
Be7 9. f4 Qc7 10. Bf3 Bd7 11. Kh1 b5 12. Nxc6 Bxc6 13. a3 Rc8 14. Qe2 O-O 15.
Rac1 Qb7 16. Bd4 Rfd8 17. e5 Nd5 18. Nxd5 Bxd5 19. Bc3 Rc4 20. Bxd5 Qxd5 21.
Rcd1 Qc6 22. Rd4 Rxd4 23. Bxd4 d5 24. Rf3 Rc8 25. Rc3 Qb7 26. Qd3 Rc6 27. Kg1
Qc8 28. Kf2 g6 1/2-1/2

[Event "40th North Shore Open"]
[Site "Auckland"]
[Date "2013.09.14"]
[Round "2.11"]
[White "Taylor, Richard"]
[Black "Milligan, Helen"]
[Result "1/2-1/2"]
[WhiteElo "1862"]
[BlackElo "2049"]
[PlyCount "64"]
[EventDate "2013.09.14"]
[EventType "swiss"]
[EventRounds "5"]
[EventCountry "NZL"]
[SourceDate "2013.09.14"]

1. e4 e5 2. Nf3 Nc6 3. Bb5 a6 4. Ba4 Nf6 5. O-O Be7 6. Qe2 b5 7. Bb3 d6 8. a4
Rb8 9. h3 O-O 10. c3 b4 11. Bc2 Bb7 12. d4 bxc3 13. bxc3 exd4 14. Nxd4 Qd7 15.
Nf5 Rfe8 16. Na3 Bf8 17. Re1 d5 18. f3 dxe4 19. fxe4 Ne5 20. Bg5 Qc6 21. c4
Nfd7 22. Bf4 Bc5+ 23. Kh1 Qg6 24. Be3 Bb4 25. Red1 Qe6 26. Bd4 Bf8 27. Qf2 g6
28. Ne3 Bg7 29. Nd5 Bxd5 30. exd5 Qd6 31. Qd2 Qf8 32. Qc3 Qb4 1/2-1/2

[Event "40th North Shore Open"]
[Site "Auckland"]
[Date "2013.09.14"]
[Round "2.12"]
[White "Evans, David J"]
[Black "Gilmour, Mark"]
[Result "1-0"]
[WhiteElo "2034"]
[BlackElo "1922"]
[PlyCount "135"]
[EventDate "2013.09.14"]
[EventType "swiss"]
[EventRounds "5"]
[EventCountry "NZL"]
[SourceDate "2013.09.14"]

1. e4 e6 2. d3 c5 3. Nd2 d5 4. Ngf3 Nc6 5. g3 Nf6 6. Bg2 g6 7. O-O Bg7 8. Re1
O-O 9. Nf1 dxe4 10. dxe4 Qxd1 11. Rxd1 Nxe4 12. c3 Nf6 13. Be3 Nd7 14. N1d2 b6
15. Ng5 Bb7 16. Nc4 Rad8 17. Nd6 Ba8 18. f4 h6 19. Nge4 Nf6 20. Nxf6+ Bxf6 21.
Rd2 Na5 22. Bxa8 Rxa8 23. Rc1 Rfd8 24. b4 Be7 25. bxa5 Bxd6 26. f5 exf5 27.
Rcd1 Be7 28. Bf4 Rxd2 29. Rxd2 Bg5 30. Bxg5 hxg5 31. a6 f4 32. c4 f3 33. g4 Kg7
34. Rd7 Kf6 35. Kf2 Ke6 36. Rb7 f5 37. Kxf3 Ke5 38. Rd7 f4 39. Rd5+ Kf6 40. Rd7
Ke6 41. Rg7 Kf6 42. Rd7 Rh8 43. Rxa7 Rh3+ 44. Kg2 Ra3 45. Ra8 Rxa2+ 46. Kg1 Ke5
47. a7 Kd4 48. Rd8+ Kxc4 49. a8=Q Rxa8 50. Rxa8 b5 51. Kf1 b4 52. Ke1 Kb3 53.
Kd1 c4 54. Kc1 Kc3 55. Ra6 Kd3 56. Rxg6 c3 57. Rxg5 b3 58. Rf5 b2+ 59. Kb1 Kd2
60. Rd5+ Ke2 61. Kc2 f3 62. Re5+ Kf1 63. g5 f2 64. Rf5 Ke2 65. g6 f1=Q 66. Rxf1
Kxf1 67. g7 Ke2 68. g8=Q 1-0

[Event "40th North Shore Open"]
[Site "Auckland"]
[Date "2013.09.14"]
[Round "3.1"]
[White "Watson, Bruce R"]
[Black "Hague, Ben"]
[Result "0-1"]
[WhiteElo "2373"]
[BlackElo "2399"]
[PlyCount "106"]
[EventDate "2013.09.14"]
[EventType "swiss"]
[EventRounds "5"]
[EventCountry "NZL"]
[SourceDate "2013.09.14"]

1. Nf3 Nf6 2. g3 b5 3. Bg2 Bb7 4. O-O e6 5. d3 d5 6. Nbd2 Be7 7. e4 dxe4 8.
dxe4 O-O 9. e5 Nd5 10. Qe2 b4 11. Rd1 Qc8 12. Ne4 Nd7 13. Bg5 Bxg5 14. Nfxg5 h6
15. Nf3 Rd8 16. Rac1 Ba6 17. Qe1 c5 18. c4 bxc3 19. Nxc3 Nxc3 20. Qxc3 Rb8 21.
b3 Qc7 22. Rd6 Rb6 23. Rcd1 Rxd6 24. exd6 Qb6 25. Ne5 Nxe5 26. Qxe5 Bb5 27. h4
Bc6 28. g4 Qb7 29. Bxc6 Qxc6 30. Qf4 e5 31. Qxe5 Qf3 32. Rd2 Qxg4+ 33. Kf1 Qh3+
34. Ke2 Qxh4 35. Qe7 Qg4+ 36. Ke3 Qh3+ 37. f3 Rd7 38. Qe5 Kh7 39. Qxc5 Qe6+ 40.
Kf2 g6 41. f4 h5 42. Qe5 Qh3 43. Ke2 Rd8 44. Rc2 Qg4+ 45. Kd2 Qd7 46. Ke3 Re8
47. Rc7 Rxe5+ 48. fxe5 Qf5 49. Re7 h4 50. Kd4 h3 51. e6 Kg7 52. exf7 Qf6+ 53.
Kd5 Qxe7 0-1

[Event "40th North Shore Open"]
[Site "Auckland"]
[Date "2013.09.14"]
[Round "3.2"]
[White "Wang, Puchen"]
[Black "Duneas, John"]
[Result "1-0"]
[WhiteElo "2379"]
[BlackElo "2195"]
[PlyCount "71"]
[EventDate "2013.09.14"]
[EventType "swiss"]
[EventRounds "5"]
[EventCountry "NZL"]
[SourceDate "2013.09.14"]

1. d4 d5 2. c4 c6 3. Nf3 Nf6 4. e3 Bf5 5. Nc3 e6 6. Nh4 Bg6 7. Nxg6 hxg6 8. g3
Nbd7 9. Bg2 Bd6 10. O-O O-O 11. Qe2 a6 12. Bd2 b5 13. b3 Qe7 14. e4 dxe4 15.
Nxe4 Nxe4 16. Bxe4 Rac8 17. a4 Nf6 18. Bg5 Qd7 19. Bf3 Bb4 20. Rad1 bxa4 21.
bxa4 Qc7 22. Rb1 a5 23. Bf4 Qa7 24. Be3 Qa6 25. Rfd1 Rfd8 26. h4 c5 27. dxc5
Rxd1+ 28. Qxd1 Qxc4 29. Rc1 Qa6 30. c6 Be7 31. Qd4 Qa8 32. Kg2 Qb8 33. Qb6 Nd5
34. Qxb8 Nxe3+ 35. fxe3 Rxb8 36. c7 1-0

[Event "40th North Shore Open"]
[Site "Auckland"]
[Date "2013.09.14"]
[Round "3.3"]
[White "Thornton, Giovanni A"]
[Black "Lim, Benjamin U"]
[Result "1-0"]
[WhiteElo "2209"]
[BlackElo "2108"]
[PlyCount "129"]
[EventDate "2013.09.14"]
[EventType "swiss"]
[EventRounds "5"]
[EventCountry "NZL"]
[SourceDate "2013.09.14"]

1. b3 b6 2. Bb2 Nf6 3. e3 c5 4. f4 Bb7 5. Nf3 e6 6. Be2 Be7 7. O-O d6 8. Qe1
Nbd7 9. Qg3 g6 10. d3 Nh5 11. Qh3 Bf6 12. Nc3 d5 13. g4 Ng7 14. g5 Bxc3 15.
Bxc3 O-O 16. Ne5 d4 17. exd4 Nxe5 18. dxe5 Nf5 19. Bf3 Bxf3 20. Qxf3 Kg7 21.
Qe4 Rh8 22. Rf2 a5 23. a4 Ra7 24. Rg2 Rd7 25. Re1 Rd5 26. Rd1 Qd7 27. Bb2 Rd8
28. Rgd2 Kg8 29. Rf1 Qe7 30. Rg2 Kg7 31. Qe1 Rh8 32. Qe2 Rd7 33. Bc3 Qd8 34.
Qe4 Rd5 35. Kf2 Qc7 36. Ke1 Qe7 37. Rh1 Rd7 38. h4 c4 39. h5 Qa3 40. h6+ Kf8
41. Kd2 Ke7 42. Qxc4 Rhd8 43. Ra1 Qc5 44. Qxc5+ bxc5 45. Bxa5 Rb8 46. Bc3 Nd4
47. Rf2 Nc6 48. Rff1 Nb4 49. Bxb4 cxb4 50. a5 Kd8 51. Rfe1 Rd4 52. Re4 Rxe4 53.
dxe4 Kc7 54. Kd3 Kb7 55. Kc4 Ka6 56. Rd1 Rb7 57. Rd8 Rc7+ 58. Kxb4 Rxc2 59.
Rd6+ Kb7 60. Rd7+ Ka6 61. Rxf7 Re2 62. Rxh7 Rxe4+ 63. Kc5 Rxf4 64. Rg7 Rf5 65.
h7 1-0